MARC
|
|
|
|
| LEADER |
00000nam0a2200000 4500 |
| 001 |
132681 |
| 005 |
20231031135054.0 |
| 035 |
|
|
|a (RuTPU)RU\TPU\book\143670
|
| 090 |
|
|
|a 132681
|
| 100 |
|
|
|a 20080305d1975 m y0rusy50 ca
|
| 101 |
0 |
|
|a rus
|
| 102 |
|
|
|a RU
|
| 105 |
|
|
|a a j 001zy
|
| 200 |
1 |
|
|a Теория гидрометаллургических процессов
|e учебное пособие для вузов
|f А. Н. Зеликман, Г. М. Вольдман, Л. В. Белявская
|
| 210 |
|
|
|a Москва
|c Металлургия
|d 1975
|
| 215 |
|
|
|a 504 с.
|c ил.
|
| 320 |
|
|
|a Библиогр. в конце гл.
|
| 320 |
|
|
|a Предметный указатель: с. 500-504.
|
| 610 |
1 |
|
|a гидрометаллургия
|
| 610 |
1 |
|
|a учебные пособия
|
| 610 |
1 |
|
|a выщелачивание
|
| 610 |
1 |
|
|a термодинамика
|
| 610 |
1 |
|
|a электролиты
|
| 610 |
1 |
|
|a химические реакции
|
| 610 |
1 |
|
|a кинетика
|
| 610 |
1 |
|
|a ионообменные процессы
|
| 610 |
1 |
|
|a экстракционные процессы
|
| 610 |
1 |
|
|a труднорастворимые соединения
|
| 610 |
1 |
|
|a кристаллизация
|
| 610 |
1 |
|
|a осаждение
|
| 610 |
1 |
|
|a цементация
|
| 610 |
1 |
|
|a фильтрование
|
| 610 |
1 |
|
|a отстаивание
|
| 610 |
1 |
|
|a промывка
|
| 675 |
|
|
|a 669.053.4(075.8)
|v 3
|
| 700 |
|
1 |
|a Зеликман
|b А. Н.
|g Абрам Наумович
|
| 701 |
|
1 |
|a Вольдман
|b Г. М.
|g Григорий Маркович
|
| 701 |
|
1 |
|a Белявская
|b Л. В.
|g Людмила Васильевна
|
| 801 |
|
1 |
|a RU
|b 63413507
|c 20080305
|g PSBO
|
| 801 |
|
2 |
|a RU
|b 63413507
|c 20090410
|g PSBO
|
| 942 |
|
|
|c BK
|